Barbie - Ich bin wie du - Lyrics - Statistiken

Allgemein
  • Dieses Quiz wurde 294 mal gespielt
  • Das Durchschnittsergebnis liegt bei 123 aus 249
Antwortstatistiken
Antwort % Korrekt
du
100%
Du
100%
ich
100%
Ich
100%
wie
100%
bin
99%
bist
96%
und
91%
Wir
88%
wir
88%
nicht
86%
auch
80%
Ei
71%
daran
69%
zweifeln
69%
ein
65%
Ein
65%
genau
63%
Mädchen
59%
es
56%
so
54%
So
54%
wahr
52%
die
51%
das
48%
der
45%
sein
43%
bei
40%
in
40%
ja
38%
Ja
38%
Magd
38%
mein
38%
ganz
37%
Ganz
37%
im
37%
mich
37%
Will
37%
doch
36%
Doch
36%
Madam
35%
läs
34%
muss
34%
auf
33%
Karpfen
33%
kommt
33%
uns
33%
dem
32%
dafür
31%
herbei
31%
ist
31%
nie
31%
Stern
31%
Bücher
30%
fragt
30%
meine
30%
Oh
30%
dann
29%
Eier
29%
gern
29%
hat
29%
frühstücken
28%
oder
28%
selber
28%
Soll
28%
Spiegelei
28%
Bauern
27%
Bett
27%
Bücherei
27%
darfs
27%
lässt
27%
Möchte
27%
schön
27%
dich
26%
einem
26%
gekocht
26%
hier
26%
Kleid
26%
Nachbartal
26%
durch
25%
höflich
25%
lieber
25%
omlett
25%
wären
25%
zahln
25%
Füss
24%
Hätt
24%
schlaue
24%
träum
24%
gedacht
23%
holn
23%
meinem
23%
mir
23%
ohne
23%
Zeit
23%
alles
22%
beiden
22%
massiert
22%
gefällts
21%
kalt
21%
kenn
21%
schließlich
21%
einen
20%
Herz
20%
kuschlig
20%
läg
20%
Stoff
20%
aus
19%
bekomm
19%
dabei
19%
ess
19%
fest
19%
Fest
19%
ganze
19%
Kann
19%
seit
19%
Sinn
19%
warm
19%
fad
18%
poschiert
18%
roh
18%
während
18%
geschäumt
17%
sonnenklar
17%
Wahrheit
17%
ziehn
17%
ach
16%
Furcht
16%
trag
16%
nen
15%
allein
14%
spricht
14%
jeder
13%
Meist
13%
Mund
13%
nächste
13%
schlägt
13%
sehn
13%
wähle
13%
Blick
12%
darauf
12%
Freund
12%
Muster
12%
steck
12%
voller
12%
Zuerst
12%
Bräutigam
11%
fürs
11%
heimlich
10%
tanz
10%
entsteht
9%
genäht
8%
neuste
8%
unbekannten
8%
fein
7%
müssts
6%
ists
5%
Keine übereinstimmenden Quizze gefunden
Verteilung der Resultate
Anzahl Personen mit jedem Resultat
Perzentil nach korrekt beantworteten Fragen
Ihre Resultats-Entwicklung
Sie haben dieses Quiz noch nicht gespielt